000 01196nam a22002537a 4500
008 100707t ua|||||r|||| 001 0 ara d
082 _222
_a220.9
_bن و ل
100 _916013
_aنولدكه، تيودور
245 _a/تاريخ القران
_cتأليف تيودور نولدكه ؛ تعديل فريديريش شفالي
260 _aبيروت
_b2000، مؤسسة كونراد- ادناور
_c2000
300 _a840 ص ;
_c22 سم
500 _aيشتمل على كشافات
541 _aألف باء ؛
_cشراء ؛
650 _916017
_aالقرآن
_xتاريخ
650 _916157
_aالقرآن، ترجمة
650 _916158
_aالقرآن، جمع وتدوين
650 _916159
_aالقرآن، سور وآيات
650 _916160
_aالمصاحف، رسم
650 _916161
_aالمصاحف (النصوص)
700 _916018
_aشفالي، فريدريش
_eتعديل
700 _916020
_aتامر، جورج
_eنقله الى العربية
942 _2ddc
_cBB
999 _c14423
_d14423